Highway engineering (Record no. 11916)

000 -LEADER
fixed length control field 00508nam a2200205 i 4500
001 - CONTROL NUMBER
control field 11916
003 - CONTROL NUMBER IDENTIFIER
control field BD-DhUET
008 - FIXED-LENGTH DATA ELEMENTS--GENERAL INFORMATION
fixed length control field 780725s1979 nyua b 001 0 eng
020 ## - INTERNATIONAL STANDARD BOOK NUMBER
International Standard Book Number 0471072605
040 ## - CATALOGING SOURCE
Original cataloging agency DLC
Transcribing agency DLC
Modifying agency BD-DhUET
082 00 - DEWEY DECIMAL CLASSIFICATION NUMBER
Classification number 625.7
Item number WRI/1979
100 1# - MAIN ENTRY--PERSONAL NAME
Personal name Wright, Paul H.
245 10 - TITLE STATEMENT
Title Highway engineering
250 ## - EDITION STATEMENT
Edition statement 4th ed.
260 ## - PUBLICATION, DISTRIBUTION, ETC. (IMPRINT)
Place of publication, distribution, etc. New York
Name of publisher, distributor, etc. John Wiley & Sons
Date of publication, distribution, etc. 1979
300 ## - PHYSICAL DESCRIPTION
Extent 828 p.
Other physical details ill.
650 #0 - SUBJECT ADDED ENTRY--TOPICAL TERM
Topical term or geographic name as entry element Highway engineering
700 ## - ADDED ENTRY--PERSONAL NAME
Personal name Paquette, Radnor J.
942 ## - ADDED ENTRY ELEMENTS (KOHA)
Koha item type General Book
Holdings
Koha full call number Sublocation or collection (holding branch) Price effective from Copy number Date acquired Piece designation (barcode) Damaged status Location (home branch) Lost status Koha item type Koha date last seen Shelving location Withdrawn status Not for loan Koha normalized classification for sorting Source of classification or shelving scheme
625.7/WRI/1979Central Library, BUET2015-02-2212015-02-2253924 Central Library, BUET General Book2015-09-20Circulation section  625_700000000000000_WRI_1979 
625.7/WRI/1979Central Library, BUET2015-06-2322015-06-2348728 Central Library, BUET General Book2015-06-23Reading section  625_700000000000000_WRI_1979 
625.7/WRI/1979Central Library, BUET2015-06-2332015-06-2348727 Central Library, BUET General Book2015-06-23Reading section  625_700000000000000_WRI_1979 
625.7/WRI/1979Central Library, BUET2015-06-2342015-06-2351825 Central Library, BUET General Book2015-06-23Reading section  625_700000000000000_WRI_1979 
625.7/WRI/1979Central Library, BUET2015-06-2952015-06-2948729 Central Library, BUET General Book2015-06-29Reading section  625_700000000000000_WRI_1979 
625.7/WRI/1979Central Library, BUET2015-08-1762015-08-1753921 Central Library, BUET General Book2015-08-17Circulation section  625_700000000000000_WRI_1979